000
00226 a2200097 4500
001
59160
100
_a
245
_a
Ant : quranic stories for childrens
260
_a
Karachi
_b
Children Books Pub
_c
2008
090
_c
36236
_d
36236
942
_a
NUST-CAE
_c
_c
29154
999
_c
294233
_d
294233